Score 0/40 Timer 10:00
0 Plays Today
Description Main Character % Correct
Princess the hero savesZelda
96.1%
Hero in a green tunicLink
94.6%
Beast that opposes the heroGanon
93.1%
The hero's navigator, a fairyNavi
84.7%
A human version of the beast, also the king of thievesGanondorf
82.3%
The princess's secret identitySheik
82.3%
The hero's horseEpona
80.8%
Hero's friend, Forest SageSaria
80.8%
A member of the Twili people who guides LinkMidna
79.8%
A sacred Kokiri treeGreat Deku Tree
79.3%
Ranch owner's daughterMalon
77.8%
Zora princessRuto
77.3%
Lon Lon Ranch's ownerTalon
75.9%
Goron kingDarunia
75.4%
Appears and disappears in Lost WoodsSkull Kid
75.4%
Royalty in HyruleKing of Hyrule
74.9%
The princess's nursemaidImpa
74.4%
Pirate that helps Link on his questTetra
73.9%
A younger version of the heroYoung Link
73.4%
Forest fairy that sells mapsTingle
71.4%
Description Main Character % Correct
The force behind the maskMajora
70.4%
Grouchy ranch workerIngo
69.5%
Ship that carries Link on his questKing of the Red Lions
69%
An unkind leader of the Kokiri TribeMido
67.5%
Travels Hyrule to collect and sell his waresMask Salesman
66%
The magical cap Link wearsEzlo
66%
The villain, ruler of twilightZant
64%
Stock Pot InnkeeperAnju
62.6%
Lover of the innkeeperKafei
62.2%
A wise owl who gives out adviceKaepora Gaebora
60.6%
Loses her memory after she is capturedIlia
59.6%
Owner of the bar in castle townTelma
48.8%
Awakens the green heroMarin
45.8%
Zora bandIndigo-Go's
45.8%
An evil wizard trusted by the royal familyAgahnim
44.3%
An energetic and overly serious public servantPostman
41.9%
Teaches link hidden skillsHero's Shade
37.4%
Royalty in HyrulePrince of Hyrule
29.6%
Descendent of wise menSahasrahla
22.2%
A witch who lives in Mysterious ForestSyrup
20.7%
Remove Ads.
Support Sporcle.
Get the best of Sporcle when you Go Orange. This ad-free experience offers more features, more stats, and more fun while also helping to support Sporcle. Thank you for becoming a member.

You're not logged in!

Compare scores with friends on all Sporcle quizzes.
OR
Log In

Show Comments

Extras

Top Quizzes Today


Score Distribution

Your Account Isn't Verified!

In order to create a playlist on Sporcle, you need to verify the email address you used during registration. Go to your Sporcle Settings to finish the process.

Report this User

Report this user for behavior that violates our Community Guidelines.

Details: